000 00502nam a22001937a 4500
005 20260530125315.0
008 260530b |||||||| |||| 00| 0 eng d
020 _a9783110652574
_c3699.11
040 _aMAIN
041 _aGerman
082 _a801.95
_bHAN
100 _aBerndt, Frauke (ed)
_926942
245 _aHandbuch Literatur And Psychoanalyse
260 _aBerlin
_bDe Gruyter
_c2019
300 _a702
650 _aGerman Language
700 _aGoebel, Eckart (ed)
_926943
942 _cBK
999 _c60922
_d60922